| 000 | 00861nmc a2200325 a 4500 | ||
|---|---|---|---|
| 003 | AR-BaBNM | ||
| 005 | 20251128204354.0 | ||
| 008 | 011101s1991 ||||||||||||||000 | spa|| | ||
| 020 | _a84-7509-737-5 | ||
| 040 | _cAR-BaBNM | ||
| 100 | 1 | _aRío, Enrique del | |
| 245 | 1 | 0 |
_aFormación y empleo _bestrategias posibles |
| 260 |
_aBarcelona _bPaidós _c1991 |
||
| 300 | 0 |
_a145 p. _bgráfs. |
|
| 490 | 0 |
_aPapeles de pedagogía _vv. 5 |
|
| 500 | 0 | _aContiene anexos | |
| 650 | 4 | _aEDUCACION Y EMPLEO | |
| 650 | 4 | _aFORMACION PROFESIONAL | |
| 650 | 4 | _aOPORTUNIDADES DE EMPLEO | |
| 650 | 4 | _aOFERTA Y DEMANDA | |
| 650 | 4 | _aDESEMPLEO | |
| 650 | 4 | _aDESARROLLO LABORAL | |
| 650 | 4 | _aDESARROLLO PROFESIONAL | |
| 650 | 4 | _aENSENANZA PROFESIONAL | |
| 650 | 4 | _aTRABAJO | |
| 700 | 1 | _aJover, Daniel | |
| 700 | 1 | _aRiesco, Lola | |
| 942 | _cBK | ||
| 998 | _cCarmen | ||
| 999 |
_c7194 _d7194 |
||